Introduction to mass communication : (Record no. 10396)
[ view plain ]
| 000 -LEADER | |
|---|---|
| fixed length control field | 00612cam a22002052 4500 |
| 001 - CONTROL NUMBER | |
| control field | 0000024865 |
| 005 - DATE AND TIME OF LATEST TRANSACTION | |
| control field | 20151217152306.0 |
| 008 - FIXED-LENGTH DATA ELEMENTS--GENERAL INFORMATION | |
| fixed length control field | 140320s xx 000 0 eng d |
| 020 ## - INTERNATIONAL STANDARD BOOK NUMBER | |
| International Standard Book Number | 1121914063 |
| 040 ## - CATALOGING SOURCE | |
| Original cataloging agency | KABU |
| Transcribing agency | KABU |
| 100 1# - MAIN ENTRY--PERSONAL NAME | |
| Personal name | Baran, Stanley J. |
| -- | 0000169631 |
| 245 10 - TITLE STATEMENT | |
| Title | Introduction to mass communication : |
| Remainder of title | media literacy and culture / |
| Statement of responsibility, etc. | Stanley J. Baran. |
| 250 ## - EDITION STATEMENT | |
| Edition statement | African ed. |
| 260 ## - PUBLICATION, DISTRIBUTION, ETC. (IMPRINT) | |
| Place of publication, distribution, etc. | New York : |
| Name of publisher, distributor, etc. | McGraw-Hill, |
| Date of publication, distribution, etc. | 2013. |
| 300 ## - PHYSICAL DESCRIPTION | |
| Extent | 474 p. |
| 650 #0 - SUBJECT ADDED ENTRY--TOPICAL TERM | |
| Topical term or geographic name as entry element | Mass media. |
| -- | 0000159400 |
| 852 1# - LOCATION | |
| -- | p3950 KES |
| 908 ## - PUT COMMAND PARAMETER (RLIN) | |
| Put command parameter | 140320 |
| 950 ## - LOCAL HOLDINGS (RLIN) | |
| -- | 1 |
| Withdrawn status | Lost status | Source of classification or shelving scheme | Not for loan | Home library | Current library | Date acquired | Total Checkouts | Full call number | Barcode | Date last seen | Date last checked out | Copy number | Price effective from | Koha item type | Cost, normal purchase price | Shelving location |
|---|---|---|---|---|---|---|---|---|---|---|---|---|---|---|---|---|
| Library of Congress Classification | Kabarak, Main Campus | Kabarak, Main Campus | 17/12/2015 | 3 | P90 .B37 2013 c. 1 | 33998 | 14/03/2019 | 25/02/2019 | c. 1 | 17/12/2015 | General Collection | |||||
| Library of Congress Classification | Kabarak, Main Campus | Kabarak, Main Campus | 29/01/2018 | 3 | P90 .B37 2013 c. 2 | 027995 | 16/07/2021 | 02/07/2021 | c. 2 | 29/01/2018 | General Collection | 3290.00 | ||||
| Library of Congress Classification | Kabarak, Main Campus | Kabarak, Main Campus | 29/01/2018 | P90 .B37 2013 c. 3 | 027993 | 29/01/2018 | c. 3 | 29/01/2018 | General Collection | 3290.00 | General Stacks | |||||
| Library of Congress Classification | Kabarak, Main Campus | Kabarak, Main Campus | 29/01/2018 | P90 .B37 2013 c. 4 | 027992 | 29/01/2018 | c. 4 | 29/01/2018 | General Collection | 3290.00 | General Stacks |